[Event "HUN-chT 2223"]
[Site "Hungary"]
[Date "2023.01.29"]
[Round "4.5"]
[White "Aczel, Gergely"]
[Black "Binder, Tamas"]
[Result "1-0"]
[WhiteElo "2502"]
[BlackElo "2235"]
[PlyCount "77"]
[EventDate "2022.11.20"]
[EventType "team-tourn"]
[EventRounds "9"]
[EventCountry "HUN"]
[SourceTitle "CBM 213 Extra"]
[Source "ChessBase"]
[SourceDate "2023.05.31"]
[SourceVersion "1"]
[SourceVersionDate "2023.05.31"]
[SourceQuality "1"]
[WhiteTeam "Aquaprofit"]
[BlackTeam "Hetenyi Geza"]
[WhiteTeamCountry "HUN"]
[BlackTeamCountry "HUN"]

1. Nf3 d5 2. g3 c6 3. Bg2 Bf5 4. 0-0 e6 5. c4 Nf6 6. Qb3 Qb6 7. d3 Nbd7 8. cxd5 Qxb3 9. axb3 exd5 10. Bd2 a6 11. b4 Rc8 12. Bc3 Be7 13. Nbd2 0-0 14. Rfe1 Rfe8 15. e4 dxe4 16. dxe4 Be6 17. Nd4 Nf8 18. N2b3 Rcd8 19. Nxe6 Nxe6 20. Rad1 Rxd1 21. Rxd1 Rd8 22. Rxd8+ Bxd8 23. Na5 Bxa5 24. bxa5 Nc5 25. f3 Na4 26. Bh3 Ne8 27. e5 Nc7 28. Bc8 b5 29. axb6 Nxb6 30. Bb7 c5 31. Ba5 Nbd5 32. Kf2 Kf8 33. f4 f6 34. Kf3 fxe5 35. fxe5 Ke7 36. Ke4 Ke6 37. g4 g5 38. b3 h6 39. h3 1-0

[Event "HUN-chT2 Erkel 1718"]
[Site "Hungary"]
[Date "2017.11.26"]
[Round "4.10"]
[White "Molnar, Jozsef"]
[Black "Binder, Tamas"]
[Result "0-1"]
[WhiteElo "2220"]
[BlackElo "2237"]
[PlyCount "78"]
[EventDate "2017.09.24"]
[EventType "team-tourn"]
[EventRounds "11"]
[EventCountry "HUN"]
[SourceTitle "EXT 2021"]
[Source "ChessBase"]
[SourceDate "2020.10.23"]
[SourceVersion "1"]
[SourceVersionDate "2020.10.23"]
[SourceQuality "1"]
[WhiteTeam "Budapest EAC"]
[BlackTeam "Szigetszentmiklos"]
[WhiteTeamCountry "HUN"]
[BlackTeamCountry "HUN"]

1. e4 c6 2. d4 d5 3. exd5 cxd5 4. Bd3 Nf6 5. c3 Nc6 6. Bf4 e6 7. Nf3 Bd6 8. Bxd6 Qxd6 9. 0-0 0-0 10. Re1 Qc7 11. Nbd2 Rd8 12. Nf1 Bd7 13. Ng3 Be8 14. Bc2 Rac8 15. Rc1 b5 16. a3 a5 17. Qd3 g6 18. Qd2 Kg7 19. Qg5 h6 20. Qd2 Qb8 21. h4 Ne7 22. h5 gxh5 23. Re5 Neg8 24. Nxh5+ Nxh5 25. Rxh5 b4 26. axb4 axb4 27. Ne5 f6 28. Rh3 fxe5 29. dxe5 bxc3 30. Qd3 Qxe5 31. Qh7+ Kf8 32. Rf3+ Nf6 33. Qxh6+ Ke7 34. Qg7+ Bf7 35. Bg6 Rf8 36. bxc3 Qg5 37. Ra1 Qxg6 38. Ra7+ Nd7 39. Qd4 Qb1+ 0-1

[Event "HUN-chT2 Erkel 1718"]
[Site "Hungary"]
[Date "2017.09.24"]
[Round "1.8"]
[White "Vitalyos, Marton"]
[Black "Binder, Tamas"]
[Result "0-1"]
[WhiteElo "2076"]
[BlackElo "2237"]
[PlyCount "82"]
[EventDate "2017.09.24"]
[EventType "team-tourn"]
[EventRounds "11"]
[EventCountry "HUN"]
[SourceTitle "EXT 2021"]
[Source "ChessBase"]
[SourceDate "2020.10.23"]
[SourceVersion "1"]
[SourceVersionDate "2020.10.23"]
[SourceQuality "1"]
[WhiteTeam "Budapest MTK II"]
[BlackTeam "Szigetszentmiklos"]
[WhiteTeamCountry "HUN"]
[BlackTeamCountry "HUN"]

1. d4 d5 2. Nf3 Bf5 3. c4 Bxb1 4. Rxb1 dxc4 5. e4 Nf6 6. e5 Nd5 7. Bxc4 e6 8. 0-0 Be7 9. Qb3 Nb6 10. Bd2 Nxc4 11. Qxc4 Nd7 12. d5 exd5 13. Qxd5 Nc5 14. Qc4 Qd3 15. Qg4 Qg6 16. Qxg6 hxg6 17. Rbc1 Ne6 18. Be3 a6 19. Nd4 Nxd4 20. Bxd4 0-0-0 21. Bc3 Rhe8 22. Rcd1 Bc5 23. h3 b5 24. a3 Bb6 25. Rfe1 c5 26. Rxd8+ Kxd8 27. g4 Ke7 28. Rd1 Rd8 29. Rxd8 Bxd8 30. f4 Ke6 31. Kf2 Kd5 32. Kf3 Bc7 33. b3 c4 34. b4 Bd8 35. f5 gxf5 36. gxf5 Bc7 37. e6 fxe6 38. fxe6 Kxe6 39. Ke4 g6 40. Bg7 Bd8 41. Bh6 g5 0-1

[Event "HUN-chT2 Maroczy 1516"]
[Site "Hungary"]
[Date "2016.04.03"]
[Round "8.5"]
[White "Binder, Tamas"]
[Black "Farago, Sandor"]
[Result "1-0"]
[WhiteElo "2242"]
[BlackElo "2266"]
[PlyCount "87"]
[EventDate "2015.10.18"]
[EventType "team-tourn"]
[EventRounds "9"]
[EventCountry "HUN"]
[SourceTitle "EXT 2017"]
[Source "ChessBase"]
[SourceDate "2016.10.25"]
[SourceVersion "1"]
[SourceVersionDate "2016.10.25"]
[SourceQuality "1"]
[WhiteTeam "Szigetszentmiklos"]
[BlackTeam "Magyar Sakkvilag"]
[WhiteTeamCountry "HUN"]
[BlackTeamCountry "HUN"]

1. d4 d5 2. c4 c6 3. e3 Nf6 4. Nc3 a6 5. cxd5 cxd5 6. Bd3 Nc6 7. Nf3 b5 8. h3 e6 9. 0-0 Bb7 10. Bd2 Be7 11. Qe2 0-0 12. Rfc1 b4 13. Na4 Ne4 14. Be1 Bd6 15. Nd2 f5 16. Nb3 e5 17. dxe5 Nxe5 18. Nd4 Rf6 19. f3 Nxd3 20. Qxd3 Qe8 21. b3 Qe5 22. f4 Qe8 23. Nf3 Qh5 24. Qd4 Rg6 25. Kh2 h6 26. Rc2 a5 27. Nb2 Re8 28. Nd3 Nf6 29. Nfe5 Ng4+ 30. Kg1 Qxh3 31. gxh3 Nxe5+ 32. Kf1 Nf3 33. Qa7 Re7 34. Nc5 Bc6 35. Qa6 Be8 36. Qa8 Kh7 37. Qxd5 Rxe3 38. Kf2 Bxf4 39. Qxf5 Nxe1 40. Rxe1 Rxe1 41. Kxe1 Bg3+ 42. Kd1 Kh8 43. Ne4 Bh4 44. Qc8 1-0

[Event "HUN-chT2 Maroczy 1516"]
[Site "Hungary"]
[Date "2016.03.20"]
[Round "7.6"]
[White "Binder, Tamas"]
[Black "Istvanovszky, Kalman"]
[Result "1/2-1/2"]
[WhiteElo "2240"]
[BlackElo "2313"]
[PlyCount "73"]
[EventDate "2015.10.18"]
[EventType "team-tourn"]
[EventRounds "9"]
[EventCountry "HUN"]
[SourceTitle "EXT 2017"]
[Source "ChessBase"]
[SourceDate "2016.10.25"]
[SourceVersion "1"]
[SourceVersionDate "2016.10.25"]
[SourceQuality "1"]
[WhiteTeam "Szigetszentmiklos"]
[BlackTeam "Penzugyor"]
[WhiteTeamCountry "HUN"]
[BlackTeamCountry "HUN"]

1. d4 Nf6 2. c4 c5 3. dxc5 Na6 4. Nc3 Nxc5 5. Nf3 d6 6. e3 g6 7. b4 Na6 8. Qb3 Bg7 9. Bb2 0-0 10. Be2 Bd7 11. 0-0 Qb6 12. a3 Rfc8 13. h3 Nc5 14. Qa2 Ne6 15. Rac1 a5 16. b5 Nc5 17. a4 h6 18. Rfd1 Rc7 19. Nb1 Rac8 20. Nbd2 e5 21. Ne1 Be6 22. Qa1 Nce4 23. Nef3 Nc5 24. Ne1 h5 25. Nd3 Nce4 26. Nxe5 Nxd2 27. Rxd2 dxe5 28. Bxe5 Ne8 29. Bxc7 Qxc7 30. Qb1 b6 31. c5 Bf8 32. c6 Bb4 33. Rd4 Bc5 34. Rd2 Qe5 35. Bc4 Nc7 36. Bxe6 Nxe6 37. Rcd1 1/2-1/2

[Event "HUN-chT2 Maroczy 1314"]
[Site "Hungary"]
[Date "2014.02.02"]
[Round "6"]
[White "Binder, Tamas"]
[Black "Horvath, Julia"]
[Result "1/2-1/2"]
[WhiteElo "2255"]
[BlackElo "2186"]
[PlyCount "29"]
[EventDate "2013.09.08"]
[EventType "team-tourn"]
[EventRounds "11"]
[EventCountry "HUN"]
[SourceTitle "EXT 2016"]
[Source "ChessBase"]
[SourceDate "2015.10.08"]
[SourceVersion "1"]
[SourceVersionDate "2015.10.08"]
[SourceQuality "1"]
[WhiteTeam "Szigetszentmiklos"]
[BlackTeam "Budapest Vasas"]
[WhiteTeamCountry "HUN"]
[BlackTeamCountry "HUN"]

1. d4 f5 2. Nf3 Nf6 3. g3 b6 4. Bg2 Bb7 5. 0-0 e6 6. b3 Be7 7. Ba3 0-0 8. Bxe7 Qxe7 9. Nfd2 Ne4 10. e3 Nxd2 11. Nxd2 Bxg2 12. Kxg2 d6 13. Qf3 Nd7 14. Qc6 Nf6 15. c4 1/2-1/2

[Event "Budapest-chT1 Lilienthal 1112"]
[Site "Budapest"]
[Date "2011.11.20"]
[Round "3"]
[White "Binder, Tamas"]
[Black "Grimm, Daniel"]
[Result "1/2-1/2"]
[WhiteElo "2277"]
[BlackElo "2054"]
[PlyCount "87"]
[EventDate "2011.10.02"]
[EventType "team-tourn"]
[EventRounds "11"]
[EventCountry "HUN"]
[SourceTitle "EXT 2020"]
[Source "ChessBase"]
[SourceDate "2019.10.17"]
[SourceVersion "1"]
[SourceVersionDate "2019.10.17"]
[SourceQuality "1"]
[WhiteTeam "Fabulon"]
[BlackTeam "Barcza GSC"]
[WhiteTeamCountry "HUN"]
[BlackTeamCountry "HUN"]

1. d4 Nf6 2. c4 g6 3. Nc3 Bg7 4. e4 0-0 5. Be3 d6 6. f3 Nc6 7. Qd2 a6 8. Bd3 e5 9. d5 Nd4 10. Nge2 Nh5 11. Bb1 Nxe2 12. Nxe2 f5 13. exf5 gxf5 14. Bc2 Kh8 15. 0-0-0 b5 16. c5 a5 17. Kb1 b4 18. Ng3 Nf4 19. Ba4 Ba6 20. cxd6 cxd6 21. Bxf4 exf4 22. Nh5 Be5 23. Nxf4 Qb6 24. Rhe1 Rf6 25. Nh5 Rg6 26. f4 Bc3 27. Qe3 Qxe3 28. Rxe3 Rxg2 29. bxc3 Be2 30. Rd4 Bxh5 31. cxb4 axb4 32. Rxb4 Rxh2 33. Bc2 Rg8 34. a4 Rg1+ 35. Kb2 Rgg2 36. Rc4 Bd1 37. Rec3 Rd2 38. Kc1 Rxd5 39. Bxd1 Rh1 40. Rg3 Rdxd1+ 41. Kb2 Rb1+ 42. Kc3 Rhc1+ 43. Kd4 Rd1+ 44. Kc3 1/2-1/2

[Event "HUN-chT2 Charousek 1011"]
[Site "Hungary"]
[Date "2010.11.21"]
[Round "6.3"]
[White "Krutti, Valer"]
[Black "Binder, Tamas"]
[Result "1-0"]
[WhiteElo "2380"]
[BlackElo "2298"]
[PlyCount "71"]
[EventDate "2010.09.12"]
[EventType "team-tourn"]
[EventRounds "11"]
[EventCountry "HUN"]
[SourceTitle "EXT 2012"]
[Source "ChessBase"]
[SourceDate "2011.11.24"]
[SourceVersion "1"]
[SourceVersionDate "2011.11.24"]
[SourceQuality "1"]
[WhiteTeam "Aquaprofit II"]
[BlackTeam "Balatonfuered"]
[WhiteTeamCountry "HUN"]
[BlackTeamCountry "HUN"]

1. d4 d5 2. c4 c6 3. Nf3 Nf6 4. Qb3 Qb6 5. g3 Bf5 6. Bg2 e6 7. 0-0 Nbd7 8. Nc3 Rc8 9. Qa4 dxc4 10. Qxc4 Qb4 11. Nd2 Nb6 12. Qxb4 Bxb4 13. e4 Bg6 14. a3 Bxc3 15. bxc3 Na4 16. c4 Nc3 17. Re1 0-0 18. a4 b5 19. axb5 cxb5 20. Ra3 b4 21. Rxa7 Rfd8 22. d5 exd5 23. exd5 Nd7 24. Bh3 f5 25. Re7 Nc5 26. Rxg7+ Kh8 27. Bb2 Nd3 28. Ba1 Re8 29. Rgb7 Re1+ 30. Bf1 Kg8 31. Kg2 f4 32. Rg7+ Kf8 33. Bxd3 Bxd3 34. Raf7+ Ke8 35. d6 f3+ 36. Kxf3 1-0

[Event "HUN-chT2 Charousek 0809"]
[Site "Hungary"]
[Date "2009.02.22"]
[Round "8"]
[White "Binder, Tamas"]
[Black "Duong, The Anh"]
[Result "0-1"]
[WhiteElo "2284"]
[BlackElo "2420"]
[PlyCount "140"]
[EventDate "2008.10.26"]
[EventType "team-tourn"]
[EventRounds "11"]
[EventCountry "HUN"]
[SourceTitle "EXT 2010"]
[Source "ChessBase"]
[SourceDate "2010.11.25"]
[SourceVersion "1"]
[SourceVersionDate "2010.11.25"]
[SourceQuality "1"]
[WhiteTeam "Hobagoly"]
[BlackTeam "Honved"]
[WhiteTeamCountry "HUN"]
[BlackTeamCountry "HUN"]

1. d4 d5 2. c4 e6 3. Nc3 c6 4. cxd5 exd5 5. Bf4 Bf5 6. e3 Qb6 7. Qd2 Nf6 8. a3 Nbd7 9. Nf3 Be7 10. Be2 0-0 11. 0-0 Rfe8 12. h3 a5 13. Ne5 Nxe5 14. Bxe5 Nd7 15. Bf4 Bf8 16. Na4 Qa7 17. b3 Nb6 18. Nxb6 Qxb6 19. Bd3 Be4 20. Bxe4 dxe4 21. Qc2 Rad8 22. Qc4 Rd5 23. a4 Qd8 24. Rac1 Re6 25. Qc2 Bb4 26. Be5 Qh4 27. Bg3 Qe7 28. Qe2 Rg6 29. Bf4 Qh4 30. Kh2 Rh5 31. Rh1 Rf5 32. g3 Qd8 33. Qc2 Re6 34. Kg2 Rd5 35. h4 g6 36. Qe2 Ba3 37. Rc2 Bf8 38. g4 f6 39. h5 g5 40. Bg3 Qd7 41. f4 exf3+ 42. Qxf3 Qe8 43. Re1 Bb4 44. Ree2 Qe7 45. Rc4 Rd8 46. e4 Re8 47. d5 cxd5 48. Rc7 Qd8 49. Qf5 R6e7 50. Rec2 dxe4 51. Rc8 Qd3 52. Qxf6 Qf3+ 53. Qxf3 exf3+ 54. Kxf3 Re3+ 55. Kg2 Re2+ 56. Kf1 Rxc2 57. Rxe8+ Kg7 58. Rb8 Rc1+ 59. Ke2 Rc2+ 60. Kd1 Rg2 61. Be5+ Kh6 62. Rxb7 Rxg4 63. Bg7+ Kxh5 64. Rb6 Rg1+ 65. Kc2 Rg2+ 66. Kb1 g4 67. Rxb4 axb4 68. a5 Rd2 69. Bf8 Rd5 70. Bxb4 g3 0-1

[Event "HUN-chT2 Breyer 0708"]
[Site "Hungary"]
[Date "2008.03.30"]
[Round "9"]
[White "Rabovszky, Gyorgy"]
[Black "Binder, Tamas"]
[Result "0-1"]
[WhiteElo "2045"]
[BlackElo "2302"]
[PlyCount "52"]
[EventDate "2007.10.14"]
[EventType "team"]
[EventRounds "11"]
[EventCountry "HUN"]
[SourceTitle "EXT 2009"]
[Source "ChessBase"]
[SourceDate "2008.11.26"]
[SourceVersion "1"]
[SourceVersionDate "2008.11.26"]
[SourceQuality "1"]
[WhiteTeam "Honved II"]
[BlackTeam "Hobagoly"]
[WhiteTeamCountry "HUN"]
[BlackTeamCountry "HUN"]

1. e4 c6 2. d4 d5 3. f3 e6 4. c4 Nf6 5. Nc3 Bb4 6. e5 Nfd7 7. f4 dxc4 8. Bxc4 Nb6 9. Bb3 c5 10. Nf3 Nc6 11. a3 Bxc3+ 12. bxc3 c4 13. Bc2 Nd5 14. Ng5 Nxc3 15. Qf3 h6 16. Nxf7 Kxf7 17. f5 exf5 18. Bxf5 Nxd4 19. e6+ Kg8 20. Qxc3 Nxf5 21. 0-0 Qd4+ 22. Qxd4 Nxd4 23. e7 Kh7 24. Bb2 Ne2+ 25. Kh1 c3 26. Rf8 Bd7 0-1

[Event "HUN-chT2 Breyer 0708"]
[Site "Hungary"]
[Date "2007.12.09"]
[Round "4"]
[White "Binder, Tamas"]
[Black "Kovacs, Geza"]
[Result "0-1"]
[WhiteElo "2302"]
[BlackElo "2067"]
[PlyCount "80"]
[EventDate "2007.10.14"]
[EventType "team"]
[EventRounds "11"]
[EventCountry "HUN"]
[SourceTitle "EXT 2009"]
[Source "ChessBase"]
[SourceDate "2008.11.26"]
[SourceVersion "1"]
[SourceVersionDate "2008.11.26"]
[SourceQuality "1"]
[WhiteTeam "Hobagoly"]
[BlackTeam "Esztergom"]
[WhiteTeamCountry "HUN"]
[BlackTeamCountry "HUN"]

1. d4 Nf6 2. c4 e6 3. Nf3 b6 4. g3 Bb7 5. Bg2 Be7 6. 0-0 0-0 7. b3 c5 8. Bb2 d5 9. Ne5 Nbd7 10. e3 Qc7 11. Nxd7 Qxd7 12. dxc5 bxc5 13. Nd2 Rfd8 14. cxd5 Bxd5 15. Nf3 Qb7 16. Qe2 Rac8 17. Rac1 Bc6 18. Rfd1 Rxd1+ 19. Qxd1 Rd8 20. Qe2 Ne4 21. Ne5 Rd2 22. Qxd2 Nxd2 23. Bxc6 Qa6 24. a4 Qe2 25. Bb5 Nf3+ 26. Nxf3 Qxb2 27. Rd1 Qxb3 28. Rd7 Bf6 29. Nd2 Qd1+ 30. Kg2 h5 31. Nc4 Qg4 32. f3 Qg6 33. e4 Bd4 34. Rxa7 Qg5 35. f4 Qg4 36. Rd7 h4 37. Rxd4 h3+ 38. Kf2 cxd4 39. a5 Qd1 40. a6 d3 0-1

[Event "HUN-chT 0607"]
[Site "Hungary"]
[Date "2007.03.25"]
[Round "7"]
[White "Horvath, Tamas"]
[Black "Binder, Tamas"]
[Result "1-0"]
[WhiteElo "2426"]
[BlackElo "2287"]
[PlyCount "101"]
[EventDate "2006.11.12"]
[EventType "team"]
[EventRounds "11"]
[EventCountry "HUN"]
[SourceTitle "EXT 2008"]
[Source "ChessBase"]
[SourceDate "2007.11.25"]
[SourceVersion "1"]
[SourceVersionDate "2007.11.25"]
[SourceQuality "1"]
[WhiteTeam "Csuti"]
[BlackTeam "Vasas"]
[WhiteTeamCountry "HUN"]
[BlackTeamCountry "HUN"]

1. e4 e6 2. d4 d5 3. Nd2 Nf6 4. Bd3 dxe4 5. Nxe4 Be7 6. Nf3 Nbd7 7. 0-0 0-0 8. Qe2 b6 9. c4 Bb7 10. Bd2 Nxe4 11. Bxe4 Bxe4 12. Qxe4 c5 13. Bc3 cxd4 14. Nxd4 Bf6 15. Rad1 Nc5 16. Qf3 Qc8 17. Nc6 Qb7 18. Bxf6 gxf6 19. b4 Rac8 20. Rd6 Na6 21. Rfd1 Nxb4 22. Qg3+ Kh8 23. Nxb4 Rg8 24. Rd7 Qe4 25. R7d4 Rxg3 26. Rxe4 Rc3 27. g3 R3xc4 28. Rxc4 Rxc4 29. Nd3 e5 30. Rc1 Ra4 31. Rc2 Kg7 32. Kf1 Kg6 33. Ke2 Kf5 34. h3 Ke4 35. Nc1 Kd5 36. Rd2+ Ke6 37. Kd3 f5 38. Ne2 h5 39. Nc3 Rb4 40. a3 Rb3 41. Ra2 a5 42. Kc4 a4 43. Nxa4 Rf3 44. Nxb6 f4 45. gxf4 Rxh3 46. a4 Rf3 47. a5 h4 48. a6 h3 49. a7 h2 50. Ra1 Ra3 51. a8Q 1-0

[Event "HUN-chT2 Maroczy 0506"]
[Site "Hungary"]
[Date "2005.12.04"]
[Round "5"]
[White "Binder, Tamas"]
[Black "Ignacz, Rozsa"]
[Result "1-0"]
[WhiteElo "2261"]
[BlackElo "1946"]
[PlyCount "115"]
[EventDate "2005.10.16"]
[EventType "team"]
[EventRounds "11"]
[EventCountry "HUN"]
[SourceTitle "EXT 2009"]
[Source "ChessBase"]
[SourceDate "2008.11.26"]
[SourceVersion "1"]
[SourceVersionDate "2008.11.26"]
[SourceQuality "1"]
[WhiteTeam "Vasas"]
[BlackTeam "Honved II"]
[WhiteTeamCountry "HUN"]
[BlackTeamCountry "HUN"]

1. d4 Nf6 2. c4 e6 3. Nf3 b6 4. g3 Ba6 5. Qa4 Be7 6. Bg2 Bb7 7. Nc3 0-0 8. 0-0 c5 9. Rd1 cxd4 10. Nxd4 Bxg2 11. Kxg2 Qc8 12. Kg1 Rd8 13. Bf4 Nh5 14. Be3 Nc6 15. Rac1 Nxd4 16. Bxd4 Qc6 17. Qb3 Nf6 18. Nb5 h6 19. Qd3 a6 20. Nc3 Rac8 21. b3 d5 22. cxd5 Nxd5 23. Nxd5 Qxd5 24. Rxc8 Rxc8 25. Qxa6 Ra8 26. Qc4 Qxc4 27. bxc4 Rxa2 28. Bxb6 Rc2 29. Rd7 Kf8 30. Bd4 Ke8 31. Rc7 g6 32. c5 Kd8 33. Ra7 Ke8 34. Kg2 h5 35. h4 Rc1 36. Kf3 Bxc5 37. Ra8+ Kd7 38. Bf6 Rb1 39. Rd8+ Kc6 40. e3 Bd6 41. Bg5 Rb2 42. Bf4 Bxf4 43. gxf4 Rb7 44. Ke4 Rb4+ 45. Ke5 Rb2 46. Rf8 Rxf2 47. Rxf7 Rf3 48. e4 Rh3 49. Re7 Rxh4 50. Rxe6+ Kd7 51. Rxg6 Rg4 52. Rh6 Rh4 53. f5 Ke7 54. Rh7+ Kf8 55. Kf6 Kg8 56. Rg7+ Kf8 57. e5 Rf4 58. Rh7 1-0

[Event "HUN-chT 0405"]
[Site "Hungary"]
[Date "2005.02.06"]
[Round "7"]
[White "Binder, Tamas"]
[Black "Szamoskozi, Gabor"]
[Result "0-1"]
[WhiteElo "2269"]
[BlackElo "2238"]
[PlyCount "140"]
[EventDate "2004.09.26"]
[EventType "team-tourn"]
[EventRounds "11"]
[EventCountry "HUN"]
[SourceTitle "EXT 2011"]
[Source "ChessBase"]
[SourceDate "2010.11.26"]
[SourceVersion "1"]
[SourceVersionDate "2010.11.26"]
[SourceQuality "1"]
[WhiteTeam "Vasas"]
[BlackTeam "BEAC Rufusz"]
[WhiteTeamCountry "HUN"]
[BlackTeamCountry "HUN"]

1. d4 d5 2. c4 c6 3. e3 Nf6 4. Nc3 a6 5. c5 g6 6. Nf3 Bg7 7. Ne5 Nfd7 8. f4 Nxe5 9. fxe5 0-0 10. Be2 f6 11. exf6 exf6 12. 0-0 f5 13. Na4 Nd7 14. Bf3 b5 15. cxb6 Nxb6 16. Nc5 Re8 17. b3 Nd7 18. Nd3 a5 19. Re1 Ba6 20. Rb1 Bxd3 21. Qxd3 Nf6 22. Bd2 Ne4 23. Bxe4 Rxe4 24. Rf1 Bf8 25. Rbc1 Qe8 26. Rc2 Re6 27. Rf3 Ra7 28. Kf2 Qb8 29. g3 a4 30. Kg2 axb3 31. axb3 Ra3 32. Rb2 Qb5 33. Qxb5 cxb5 34. Rf1 Rc6 35. Kf2 h5 36. h3 Ra7 37. Ke2 Bd6 38. Rg1 Rc8 39. Kd3 Kg7 40. g4 fxg4 41. hxg4 h4 42. e4 dxe4+ 43. Kxe4 Re7+ 44. Kd3 Rf8 45. Rh1 Rf3+ 46. Kc2 h3 47. Ra2 Rc7+ 48. Kb2 h2 49. Ra6 Bg3 50. Be1 Bxe1 51. Rxe1 Rf2+ 52. Ka3 Rg2 53. Rh1 Rcc2 54. Kb4 Rxg4 55. Kxb5 Rxd4 56. Ra7+ Kh6 57. Ra8 Rdd2 58. Rh8+ Kg7 59. Rh3 g5 60. b4 Rg2 61. Rh5 g4 62. R1xh2 Rxh2 63. Rg5+ Kf6 64. Rxg4 Rh5+ 65. Kb6 Rb2 66. Rc4 Ke6 67. Rc6+ Kd7 68. Rc4 Rg2 69. Rc7+ Kd8 70. Rc6 Rg4 0-1

[Event "HUN-chT 0405"]
[Site "Hungary"]
[Date "2004.12.19"]
[Round "5"]
[White "Binder, Tamas"]
[Black "Medvegy, Nora"]
[Result "1/2-1/2"]
[WhiteElo "2269"]
[BlackElo "2407"]
[PlyCount "38"]
[EventDate "2004.09.26"]
[EventType "team-tourn"]
[EventRounds "11"]
[EventCountry "HUN"]
[SourceTitle "EXT 2011"]
[Source "ChessBase"]
[SourceDate "2010.11.26"]
[SourceVersion "1"]
[SourceVersionDate "2010.11.26"]
[SourceQuality "1"]
[WhiteTeam "Vasas"]
[BlackTeam "Statisztika"]
[WhiteTeamCountry "HUN"]
[BlackTeamCountry "HUN"]

1. d4 Nf6 2. c4 e6 3. Nf3 c5 4. Nc3 cxd4 5. Nxd4 a6 6. e4 Qc7 7. Be2 Bb4 8. Qd3 Nc6 9. Nxc6 dxc6 10. a3 Bd6 11. h3 0-0 12. 0-0 Rd8 13. Qc2 Bc5 14. b4 Bd4 15. Bb2 Qf4 16. Rad1 e5 17. Bf3 Qg5 18. Ne2 Bxh3 19. Nxd4 exd4 1/2-1/2

[Event "HUN-chT 0405"]
[Site "Hungary"]
[Date "2004.09.26"]
[Round "1"]
[White "Restas, Peter"]
[Black "Binder, Tamas"]
[Result "1-0"]
[WhiteElo "2294"]
[BlackElo "2269"]
[PlyCount "63"]
[EventDate "2004.09.26"]
[EventType "team-tourn"]
[EventRounds "11"]
[EventCountry "HUN"]
[SourceTitle "EXT 2011"]
[Source "ChessBase"]
[SourceDate "2010.11.26"]
[SourceVersion "1"]
[SourceVersionDate "2010.11.26"]
[SourceQuality "1"]
[WhiteTeam "Mako"]
[BlackTeam "Vasas"]
[WhiteTeamCountry "HUN"]
[BlackTeamCountry "HUN"]

1. d4 Nf6 2. g3 d5 3. Bg2 c6 4. c4 dxc4 5. Nf3 Be6 6. 0-0 Bd5 7. Nbd2 Ne4 8. Qc2 Nxd2 9. Bxd2 Bxf3 10. Bxf3 Qxd4 11. Rfd1 Qb6 12. Qxc4 Nd7 13. Bc3 Qc7 14. Rac1 e6 15. Bh5 g6 16. Bxh8 gxh5 17. Qh4 Qa5 18. Bc3 Qb5 19. a4 Qxe2 20. Qd4 0-0-0 21. Qxa7 Bc5 22. Qa8+ Kc7 23. Ba5+ b6 24. Bxb6+ Kxb6 25. Qxd8+ Ka6 26. Qc8+ Kb6 27. a5+ Kxa5 28. Rxc5+ Nxc5 29. Ra1+ Kb6 30. Qd8+ Kb7 31. Qe7+ Kb6 32. Qa7+ 1-0

[Event "Gyongyos Matra Cup"]
[Site "Gyongyos"]
[Date "2004.08.04"]
[Round "8"]
[White "Binder, Tamas"]
[Black "Reiss, Tibor"]
[Result "1/2-1/2"]
[WhiteElo "2269"]
[BlackElo "2426"]
[PlyCount "69"]
[EventDate "2004.07.27"]
[EventType "swiss"]
[EventRounds "9"]
[EventCountry "HUN"]
[SourceTitle "EXT 2008"]
[Source "ChessBase"]
[SourceDate "2007.11.25"]
[SourceVersion "1"]
[SourceVersionDate "2007.11.25"]
[SourceQuality "1"]

1. d4 d5 2. c4 c6 3. cxd5 cxd5 4. Nc3 a6 5. Nf3 Nf6 6. Bf4 e6 7. e3 Be7 8. Bd3 0-0 9. 0-0 b5 10. h3 Bb7 11. Ne5 Nbd7 12. Nxd7 Qxd7 13. Rc1 Rfc8 14. Qb3 Ne4 15. Rfd1 Bf8 16. Ne2 Bc6 17. f3 Nd6 18. Bxd6 Bxd6 19. Qc3 b4 20. Qd2 a5 21. b3 a4 22. Rc2 axb3 23. axb3 Rcb8 24. Rdc1 Rb6 25. f4 Ra3 26. Rb2 Bf8 27. Kh2 g6 28. Ng1 Bb5 29. Nf3 Bxd3 30. Ne5 Qb7 31. Nxd3 Rc6 32. Rxc6 Qxc6 33. Nxb4 Qb5 34. Nc2 Rxb3 35. Rxb3 1/2-1/2

[Event "Gyongyos Matra Cup"]
[Site "Gyongyos"]
[Date "2004.08.02"]
[Round "6"]
[White "Hajdu, Istvan"]
[Black "Binder, Tamas"]
[Result "0-1"]
[WhiteElo "2179"]
[BlackElo "2269"]
[PlyCount "128"]
[EventDate "2004.07.27"]
[EventType "swiss"]
[EventRounds "9"]
[EventCountry "HUN"]
[SourceTitle "EXT 2008"]
[Source "ChessBase"]
[SourceDate "2007.11.25"]
[SourceVersion "1"]
[SourceVersionDate "2007.11.25"]
[SourceQuality "1"]

1. e4 c6 2. d4 d5 3. e5 Bf5 4. Nc3 e6 5. g4 Bg6 6. Nge2 h6 7. Nf4 Bh7 8. Be3 Qb6 9. Rb1 Na6 10. a3 Nc7 11. Nd3 Bxd3 12. Bxd3 Nb5 13. Nxb5 cxb5 14. Qe2 a6 15. 0-0 Ne7 16. f4 g6 17. c3 h5 18. h3 hxg4 19. hxg4 0-0-0 20. Kg2 Nc6 21. b4 Be7 22. Rh1 Rdg8 23. Rxh8 Rxh8 24. Rh1 Qd8 25. Rxh8 Qxh8 26. g5 Qh4 27. Bd2 Nb8 28. Qf3 Qh8 29. Qh3 Qg8 30. Qh1 Nd7 31. Bc1 Nb6 32. Qe1 Kd7 33. Bd2 Qc8 34. Qc1 Nc4 35. Be1 a5 36. Be2 axb4 37. axb4 Qa8 38. Bxc4 bxc4 39. Qc2 Qa1 40. Bd2 Kc6 41. Bc1 Kb5 42. Bd2 Qa4 43. Qc1 Qa2 44. Kf2 b6 45. Kg2 Qa8 46. Kg3 Qh8 47. Qa1 Qb8 48. Be3 Qb7 49. Bd2 Qa6 50. Qc1 Qa2 51. Kg4 Ka4 52. Qd1+ Qb3 53. Qc1 Qa3 54. Qd1+ Kb5 55. Qb1 Bf8 56. Qc2 Qa1 57. Bc1 Bxb4 58. cxb4 c3 59. Kf3 Kxb4 60. Ke3 Kc4 61. Qd3+ Kb3 62. Qd1+ c2 63. Qd3+ Qc3 64. Ke2 Kb4 0-1